Statistiques concernant Les 100 villes les plus peuplées de Bourgogne-Franche-Comté

Cliquez ici pour prendre le quiz!

Statistiques générales

  • Ce quiz a été pris 177 fois
  • Le résultat moyen est 31 sur 100

Statistiques - réponses

DépartementVillePopulation% Correct
25Besançon118258
99%
21Dijon159106
99%
90Belfort45458
94%
89Auxerre34151
93%
71Mâcon34414
90%
25Montbéliard25726
89%
21Beaune20122
88%
58Nevers32284
88%
71Chalon-sur-Saône45094
86%
39Dole23611
85%
89Sens26854
79%
70Vesoul14866
71%
39Lons-le-Saunier17092
70%
71Le Creusot21057
68%
25Pontarlier17738
68%
71Autun13205
58%
71Montceau-les-Mines17239
54%
21Chenôve14323
51%
25Sochaux3820
47%
71Louhans6451
46%
21Quetigny8936
46%
89Avallon6414
44%
21Montbard4831
43%
21Talant11788
42%
39Saint-Claude8895
40%
70Lure7960
39%
70Gray5560
37%
21Auxonne7621
36%
25Audincourt13542
35%
58Cosne-Cours-sur-Loire9415
35%
89Tonnerre4345
35%
71Tournus5552
35%
70Héricourt10592
33%
21Fontaine-lès-Dijon8756
31%
25Morteau6851
31%
71Chagny5516
29%
71Gueugnon6685
29%
71Paray-le-Monial9218
29%
21Chevigny-Saint-Sauveur11055
28%
89Joigny9381
28%
21Nuits-Saint-Georges5332
28%
39Champagnole8040
27%
21Châtillon-sur-Seine5352
27%
71Digoin7616
27%
21Longvic8631
27%
39Poligny4013
26%
21Saint-Apollinaire7518
26%
71Saint-Rémy6605
26%
21Is-sur-Tille4360
25%
71Saint-Marcel6188
25%
71Cluny4931
24%
21Genlis5190
24%
70Luxeuil-les-Bains6644
24%
71Montchanin4992
24%
21Semur-en-Auxois4114
22%
25Baume-les-Dames4984
21%
71Blanzy6044
21%
21Marsannay-la-Côte5311
21%
25Valentigney10897
21%
89Migennes7274
20%
90Delle5689
19%
71Châtenoy-le-Royal6148
18%
89Saint-Florentin4211
18%
58Decize5193
17%
25Ornans4422
17%
71Givry3678
15%
71Saint-Vallier8541
15%
25Saint-Vit4924
15%
25Valdahon5734
15%
71Charnay-lès-Mâcon7925
14%
39Tavaux3934
14%
71Bourbon-Lancy4684
13%
58La Charité-sur-Loire4673
13%
58Varennes-Vauzelles9195
13%
90Valdoie5251
12%
25Maîche4259
11%
25Seloncourt5756
10%
89Villeneuve-sur-Yonne5148
10%
25Bethoncourt5336
8%
25Étupes3721
8%
90Bavilliers4627
7%
25Grand-Charmont5849
7%
89Monéteau4110
7%
25Villers-le-Lac5207
7%
58Fourchambault4069
6%
25Mandeure4795
6%
71Sanvignes-les-Mines4325
6%
71Chauffailles3688
5%
58Marzy3701
5%
90Beaucourt5016
4%
58Coulanges-lès-Nevers3708
4%
58Garchizy3750
4%
39Hauts de Bienne5226
4%
71La Chapelle-de-Guinchay4126
4%
90Offemont4164
4%
89Paron4825
4%
70Champagney3717
3%
89Charny Orée de Puisaye4759
1%
70Fougerolles-Saint-Valbert3784
1%
25Pont-de-Roide-Vermondans4088
1%

Distribution des résultats

Percentile par nombre de réponses

% des personnes avec chaque résultat

Votre développement - résultats

Vous n’avez pas pris ce quiz